[Event "Sports Meet Chess Tour 55th"]
[Site "New Delhi"]
[Date "2022.12.18"]
[Round "4.1"]
[White "Dhyaan, S Nayak"]
[Black "Kumar, Shubham"]
[Result "1-0"]
[WhiteElo "1299"]
[BlackElo "1741"]
[PlyCount "53"]
[EventDate "2022.12.15"]
[EventType "team-swiss"]
[EventRounds "7"]
[EventCountry "IND"]
[SourceTitle "CBM 212 Extra"]
[Source "ChessBase"]
[SourceDate "2023.03.31"]
[SourceVersion "1"]
[SourceVersionDate "2023.03.31"]
[SourceQuality "1"]
[WhiteTeam "Tirupati"]
[BlackTeam "Patna"]
[WhiteTeamCountry "IND"]
[BlackTeamCountry "IND"]

1. d4 e6 2. e4 d5 3. Nd2 Nc6 4. Ngf3 Bb4 5. c3 dxe4 6. Nxe4 Be7 7. Bf4 Nf6 8. Bd3 Nd5 9. Bg3 h5 10. h4 Nf6 11. Qe2 Bd7 12. Ne5 Nxe4 13. Bxe4 Bd6 14. 0-0 Qe7 15. b4 Bxe5 16. dxe5 g5 17. b5 Nd8 18. hxg5 Qxg5 19. Bh2 h4 20. f4 Qe7 21. c4 a6 22. a4 Rg8 23. Kh1 Qf8 24. Rad1 axb5 25. axb5 Ra3 26. Rf3 Ra4 27. Rfd3 1-0